000 00471nab a22001097u 4500
008 130520b2009 xxu||||| |||| 00| 0 spa d
041 _aspa
100 1 _aTreek Nilsson, Mike D. Van
_977660
245 0 0 _aVon Balthasar y el giro estético de la exégesis veterotestamentaria. Un caso de estudio. Poder y alianza en la transición de Saúl a David
_cMike D. van Treek Nilsson
773 0 _tTeología y Vida
_gV.50, nº1-2,2009,págs. 319-336
_x0049-3449
_wRev467
942 _cAR
999 _c410931
_d410931